000 01837nam2a2200289 4500
001 RU\NLR\bibl\1453043
005 20260407213133.0
010 _a978-5-89016-460-5
_960
021 _aRU
_b2009-88558
_95575
035 _a(NLR Aleph) 001444852
090 _a1486039
_c1486039
100 _a20091216d2009 |||y0rusy50 ca
101 0 _arus
_aeng
_deng
_erus
_eeng
102 _aRU
105 _aa |||||||||
200 0 _aВып. 2
210 _d2009
_aБ. м.
215 _a109 с.
_cил.
300 _aТекст докл. на рус. и англ. яз.
320 _aБиблиогр. в конце докл.
461 0 _1001RU\NLR\bibl\1724097
_12001#$aЕжегодник Центра франкофонии$vВып. 2
_91304295
_aТамбовский государственный университет им. Г. Р. Державина. Центр франкофонии
_cТамбов
_d2009
_fФедер. агентство по образованию, Гос. образоват. учреждение высш. проф. образования "Тамб. гос. ун-т им. Г.Р. Державина", Ин-т иностр. яз., Каф. фр. филологии
_lYearbook of Francophonie centre
_nТГУ
_oматериалы научно-практического семинара преподавателей и аспирантов
_tЕжегодник Центра франкофонии
_vВып. 2
710 0 2 _4070
_aТамбовский государственный университет им. Г. Р. Державина
_bЦентр франкофонии
_9779792
_3RU\NLR\AUTH\8810142552
801 0 _aRU
_bNLR
_c20091216
_gRCR
801 1 _aRU
_bNLR
_c20091216
942 _cBOOK
980 _aNB